2025-2026 NFL season - Statistics

General Stats
  • This quiz has been taken 18 times
  • The average score is 13 of 28
Answer Stats
Question Answer % Correct
who had the number 1 overall pick in the draft titans
100%
who did the number 1 overall pick take cam ward
94%
who was the next 4 drafted (last names only) hunter, Carter,Campbell, graham
81%
who was Mr. irrelevant (257th pick) kobee minor
81%
who played in the pro football hall of Fame game in Canton ohio lions and chargers
63%
in week 8 what team got their first season win jets
56%
in the super bowl who won mvp Kenneth Walker JR
56%
in week 16 who did the colts start at QB Phillip rivers
56%
in week 18 who missed the playoff sealing kick Tyler loop
56%
in the divisional what team got embarrassed losing 41-6 49ers
50%
in the conference what QB was injured bo nix
50%
in week 15 who had a season ending injury mahomes
50%
in week 4 who played in Dublin vikings vs Steelers
50%
in week one what team came back with just a few minutes left bills
44%
in the wildcard what QB kept fumbling CJ stroud
44%
in week 2 what was the OT game cowboys vs giants
44%
in week 13 who did the Panthers beat from the NFC west rams
44%
in week 6 did any team have a bye week yes
44%
in week 14 who did the Seahawks beat badly falcons
38%
in week 11 where was the international game Madrid
38%
in week 3 what team got blown out (scored 0 points) falcons
31%
in week 17 what was the highest score in a game 42
25%
what was the highest score in preseason 48
25%
in week 5 who started for the Bengals Jake Browning
25%
in week 9 what iconic matchup happened bills vs chiefs
19%
in week 12 who was the Steelers starting QB mason rudolph
19%
in week 7 who did the SB champion win vs texans
6%
in week 10 what was the lowest points scored 7
0%
No matching quizzes found
Score Distribution
Percent of People with Each Score
Percentile by Number Answered
Your Score History
You have not taken this quiz